| 000 | 00769pam a2200229 a 4500 | ||
|---|---|---|---|
| 001 | 3906789 | ||
| 003 | NUST - PNEC | ||
| 005 | 20170116180959.0 | ||
| 008 | 910920s1992 nyua b 001 0 eng | ||
| 010 | _a 91033120 | ||
| 020 | _a0830602976 | ||
| 040 | _cLIBRARY | ||
| 082 | 0 | 0 | _a519.402855265 WAL |
| 100 | 1 |
_aWalker, Robert D. _99435 |
|
| 245 | 1 | 0 |
_aNumerical methods for engineers and scientists : practical applications and methods using the IBM PC _cRobert D. Walker |
| 250 | _a1st ed. | ||
| 260 | _cc1987 | ||
| 650 | 0 |
_aNumerical analysis. _xMIS, MS COM |
|
| 906 |
_a7 _bcbc _corignew _d1 _eocip _f19 _gy-gencatlg |
||
| 942 |
_2ddc _cBK |
||
| 999 |
_c66655 _d66655 |
||